000 01060nam0a2200301 4500
001 RU\NLR\BIBL_A\022794747
005 20260426081523.0
010 _a978-5-6054847-3-8
_9300
021 _aRU
035 _a(NLR Aleph) 022794747
090 _a13699673
_c13699673
100 _a20260424d2025 m y0rusy50 ca
101 0 _atyv
102 _aRU
105 _ay z 000 y
181 0 _ai
_baxxe
182 0 _an
200 1 _aАмыдырал хүртүзүнде
_eшүлүктер, чечен чугаалар, сактыышкыннар, очулгалар
_fНаталья Салчак
203 _aТекст
_bвизуальный
_cнепосредственный
210 _aКызыл
_aКрасноярск
_cОфсет
_d2025
215 _a175 с
_d20
541 1 _aНа колесе жизни
_eстихи, переводы, рассказы
_zrus
686 1 _aШ5(2=Ту)64-6я44
700 1 _aСалчак
_bН. П.
_gНаталья Пенеевна
_p1955-
852 _aNLR
_bОНЛ
_jТув./2-1375
942 _cBOOK
980 _aNB